Borders of Algeria - Statistics

General Stats
  • This quiz has been taken 20 times
  • The average score is 6 of 6
Answer Stats
Km Pays % Correct
932 Libya
100%
1329 Mali
100%
1778 Morocco
100%
1010 Tunisia
100%
461 Mauritania
95%
931 Niger
90%
No matching quizzes found
Score Distribution
Percent of People with Each Score
Percentile by Number Answered
Your Score History
You have not taken this quiz